Ensayos sobre el silencio: gestos, mapas y colores

Saved in:
Bibliografiske detaljer
Hovedforfatter: Labraña, Marcela (Author)
Format: Bog
Sprog:spansk
Udgivet: Madrid Ediciones Siruela 2017
Udgivelse:1a. ed
Serier:El Árbol del Paraíso, 06
Fag:
Tags: Tilføj Tag
Ingen Tags, Vær først til at tagge denne postø!

MARC

LEADER 00000cam a2200000 a 4500
001 UCC1043
003 CL-VaPUC
008 170922e20170000sp |||||||||||||||||spa|d
020 |a 9788417041533 
082 0 4 |a Ch864  |b LAB  |2 21 
100 0 |a Labraña, Marcela  |e author  |9 595016 
245 1 0 |a Ensayos sobre el silencio: gestos, mapas y colores 
250 |a 1a. ed 
300 |a 309 p 
942 |c BK 
945 |d 20170922 16:51:00  |a arojas 
260 |a Madrid  |b Ediciones Siruela  |c 2017 
650 7 |a SILENCIO  |2 CL-VaPUC  |9 256537 
650 0 |a Ensayos chilenos   |9 269132 
650 0 |a Literatura chilena   |9 308278 
583 |a last modification  |c 20170922 16:51:00  |k Rodrigo Vera 
490 0 |a El Árbol del Paraíso, 06 
999 |c 369635  |d 369633 
952 |0 0  |1 0  |3 erb  |4 0  |6 CH_864_000000000000000_LAB_2017  |7 0  |8 A  |9 485565  |a BIBART  |b BIBART  |i 5424666  |l 6  |o Ch864 LAB 2017  |p 5424666  |r 2025-03-13  |s 2022-11-29  |w 2019-11-24  |y BK  |z Catalogado en:20170922  |k ART